Lucretius /
Lucretius' De rerum natura , written around 55 BCE, ranks among the most influential texts in Roman literature. The poet's vision of a world made of atoms, his mockery of the fear of death and the gods, and fervent advocacy of the mortality of the soul over many centuries incensed his crit...
المؤلف الرئيسي:
التنسيق: كتاب الكتروني
اللغة: English
منشور في:
Leiden ; Boston :
Brill,
2023.
سلاسل:
Brill Research Perspectives in Humanities and Social Sciences.
Classical Studies E-Books Online, Collection 2023.
الموضوعات:
الوصول للمادة أونلاين: Login to view Source
الوسوم: إضافة وسم
رقم الطلب: Q125
| LEADER | 02483nam a22005298i 4500 | ||
|---|---|---|---|
| 001 | BRILL9789004539044 | ||
| 003 | nllekb | ||
| 005 | 20230529210818.0 | ||
| 006 | m d | ||
| 007 | cr un uuuua | ||
| 008 | 230131s2023 gw sb 001 0 eng d | ||
| 020 | |a 9789004539037 |q (print) | ||
| 020 | |a 9789004539044 |q (electronic book) | ||
| 024 | 7 | |a 10.1163/9789004539044 |2 DOI | |
| 035 | |a (OCoLC)1356008438 | ||
| 040 | |a NL-LeKB |c NL-LeKB |e rda | ||
| 041 | |a eng | ||
| 050 | 4 | |a Q125 | |
| 072 | 7 | |a DSBB |2 bicssc | |
| 072 | 7 | |a LIT |x 004190 |2 bisacsh | |
| 072 | 7 | |a LIT |x 011000 |2 bisacsh | |
| 082 | 0 | 4 | |a 509 |2 23 |
| 100 | 1 | |a Schindler, Claudia, |e author. | |
| 245 | 1 | 0 | |a Lucretius / |c Claudia Schindler. |
| 264 | 1 | |a Leiden ; |a Boston : |b Brill, |c 2023. | |
| 264 | 4 | |c ©2023 | |
| 300 | |a 1 online resource | ||
| 336 | |a text |b txt |2 rdacontent | ||
| 337 | |a computer |b c |2 rdamedia | ||
| 338 | |a online resource |2 rdacarrier | ||
| 490 | 1 | |a Brill Research Perspectives in Humanities and Social Sciences | |
| 490 | 1 | |a Classical Studies E-Books Online, Collection 2023 | |
| 504 | |a Includes bibliographical references and index. | ||
| 505 | 0 | |t Preliminary Material / |r Claudia Schindler -- Copyright page / |r Claudia Schindler -- Epigraph / |r Claudia Schindler -- Lucretius / |r Claudia Schindler. | |
| 520 | |a Lucretius' De rerum natura , written around 55 BCE, ranks among the most influential texts in Roman literature. The poet's vision of a world made of atoms, his mockery of the fear of death and the gods, and fervent advocacy of the mortality of the soul over many centuries incensed his critics on one hand, and on the other earned him a devoted following. This volume provides an introduction to the oldest completely preserved Latin didactic poem and to the most important research questions concerned with the text. | ||
| 546 | |a English | ||
| 559 | 4 | |a Q125 | |
| 588 | |a Description based on print version record. | ||
| 650 | 0 | |a Classical Studies. | |
| 650 | 0 | |a History of Science. | |
| 776 | 0 | 8 | |i Print version: |t Lucretius. |d Leiden ; Boston : Brill, 2023. |z 9789004539037 |w (OCoLC)1360329946 |
| 830 | 0 | |a Brill Research Perspectives in Humanities and Social Sciences. | |
| 830 | 0 | |a Classical Studies E-Books Online, Collection 2023. | |
| 856 | 4 | |z DOI: |u http://dx.doi.org/10.1163/9789004539044 | |
| 942 | |2 lcc |c EBOOK | ||
| 952 | |0 0 |1 0 |2 lcc |4 0 |6 Q0125 |7 1 |9 48086 |a BRILL |b BRILL |d 2023-05-29 |l 0 |o Q125 |r 2023-05-29 00:00:00 |w 2023-05-29 |y EBOOK | ||
| 999 | |c 53430 |d 53430 | ||
